| 000 | 00521nam a2200205Ia 4500 | ||
|---|---|---|---|
| 005 | 20240823031909.0 | ||
| 008 | 240823s9999||||xx |||||||||||||| ||und|| | ||
| 020 | _a978-81-317-0709-8 | ||
| 041 | _aENGLISH | ||
| 082 | _A621.319 P7 | ||
| 100 | _a"Faulkenberry,Luces M" | ||
| 245 | 0 | _aElectrical Power Distribution and Transmission | |
| 250 | _a1st | ||
| 260 |
_c2012 _b"Pearson ,Sing" |
||
| 500 | _aYES | ||
| 650 |
_aElectrical Power _bElectrical |
||
| 700 | _a" Coffer,Walter" | ||
| 942 | _cBK | ||
| 999 |
_c192161 _d192161 |
||